000 00588nam a2200229Ia 4500
003 OSt
005 20220923230337.0
006 a|||||r|||| 00| 0
007 ta
008 Pun
024 _a279,634
037 _cTextual
040 _aARTS
_cARTS
_bPun
041 _2Pun
_aPun
082 _aO153,1NMA2x, L6
100 _aਮਹਿਰੋਕ, ਬਲਦੇਵ
245 0 _aਨਮਫ਼ੀਰ
260 _c1976
650 _aਪੰਜਾਬੀ ਸਾਹਿਤ
942 _hO153,1NMA2x, L6
_cTEXL
_2CC
999 _c384104
_d384104